La importancia de las áreas naturales protegidas en el turismo litoral de la provincia de Buenos Aires (Registro nro. 22861)

Detalles MARC
000 -LEADER
fixed length control field 00451 a2200133 4500
001 - CONTROL NUMBER
control field ART_23606
005 - DATE AND TIME OF LATEST TRANSACTION
control field 20260410161827.0
008 - FIXED-LENGTH DATA ELEMENTS--GENERAL INFORMATION
fixed length control field 260409a
100 1# - MAIN ENTRY--PERSONAL NAME
Personal name Bertoni, Marcela
245 10 - TITLE STATEMENT
Title La importancia de las áreas naturales protegidas en el turismo litoral de la provincia de Buenos Aires
700 1# - ADDED ENTRY--PERSONAL NAME
Personal name López, María José
700 1# - ADDED ENTRY--PERSONAL NAME
Personal name Testa, Joaquín
773 0# - HOST ITEM ENTRY
Title FACES
Related parts - Año 18, Nº 38/39 (ene./dic. 2012)
Record control number REV5046

No hay ítems disponibles.